Những cô gái Đồng Lộc

Gorde:
Xehetasun bibliografikoak
Formatua: Liburua
Argitaratua: 2008
Etiketak: Etiketa erantsi
Etiketarik gabe, Izan zaitez lehena erregistro honi etiketa jartzen!
Thư viện lưu trữ: Mạng thư viện Đại học Đà Nẵng
LEADER 00443nam a22001811a 4500
001 000040968
003 17263
005 20160412023716.0
008 160412s2008 000
082 |a V(23)385-87 
245 |a Những cô gái Đồng Lộc  |c Trần Huy Quang 
260 |c 2008 
OWN |a LNN 
999 |a From the UDN01 
TYP |a Monograph 
980 |a Mạng thư viện Đại học Đà Nẵng